Capitales du monde aléatoires - Statistiques

Statistiques générales
  • Ce quiz a été pris 18 731 fois
    8 322 depuis la dernière actualisation
  • Le résultat moyen est 8 sur 10
Statistiques - réponses
Pays Capital % Correct
Algérie Alger
100%
Andorre Andorre-la-Vieille
100%
Grèce Athènes
100%
Allemagne Berlin
100%
Suisse Berne
100%
Belgique Bruxelles
100%
Irlande Dublin
100%
Royaume-Uni Londres
100%
Espagne Madrid
100%
Mexique Mexico
100%
Monaco Monaco
100%
Italie Rome
100%
Singapour Singapour
100%
Tunisie Tunis
100%
Argentine Buenos Aires
98%
Sénégal Dakar
98%
Ukraine Kiev
98%
Portugal Lisbonne
98%
Luxembourg Luxembourg
98%
Uruguay Montevideo
98%
République Tchèque Prague
98%
Maroc Rabat
98%
Corée du Sud Séoul
98%
Suède Stockholm
98%
Japon Tokyo
98%
Pologne Varsovie
98%
Colombie Bogota
97%
Brésil Brasilia
97%
Vatican Vatican
97%
Autriche Vienne
97%
Turquie Ankara
96%
Hongrie Budapest
96%
Israël Jérusalem
96%
Egypte Le Caire
96%
Russie Moscou
96%
Norvège Oslo
96%
Canada Ottawa
96%
France Paris
96%
Chine Pékin
96%
Salvador San Salvador
96%
Pays-Bas Amsterdam
95%
Roumanie Bucarest
95%
Australie Canberra
95%
Slovénie Ljubljana
95%
Biélorussie Minsk
95%
Islande Reykjavik
95%
Bulgarie Sofia
95%
Albanie Tirana
95%
Finlande Helsinki
94%
République Démocratique du Congo Kinshasa
94%
Chili Santiago
94%
Danemark Copenhague
93%
Syrie Damas
93%
Bosnie-Herzégovine Sarajevo
93%
Estonie Tallinn
93%
Croatie Zagreb
93%
Pérou Lima
92%
Inde New Delhi
92%
Panama Panama
92%
Corée du Nord Pyongyang
92%
Lettonie Riga
92%
Thaïlande Bangkok
91%
Pakistan Islamabad
91%
Afghanistan Kaboul
91%
Arabie Saoudite Riyad
91%
Saint-Marin Saint-Marin
91%
Serbie Belgrade
90%
Djibouti Djibouti
90%
Afrique du Sud (Législative) Le Cap
90%
Géorgie Tbilissi
90%
Nouvelle-Zélande Wellington
90%
Liban Beyrouth
89%
Guatemala Guatemala
89%
Slovaquie Bratislava
88%
Jamaïque Kingston
88%
Koweït Koweit
88%
Kenya Nairobi
88%
Chypre Nicosie
88%
Qatar Doha
87%
Philippines Manille
87%
Equateur Quito
87%
Madagascar Antananarivo
86%
République du Congo Brazzaville
86%
Mongolie Oulan-Bator
86%
Afrique du Sud (Administrative) Pretoria
86%
Cameroun Yaoundé
86%
Gambie Banjul
85%
Guinée-Bissau Bissau
85%
Venezuela Caracas
85%
Moldavie Chisinau
85%
Malte La Valette
85%
Monténégro Podgorica
85%
Macédoine du Nord Skopje
85%
Emirats Arabes Unis Abou Dabi
84%
Mali Bamako
84%
Cuba La Havane
84%
Haïti Port-au-Prince
83%
Iran Téhéran
83%
Bolivie (Constitutionnelle) Sucre
82%
Viêt Nam Hanoï
81%
Lituanie Vilnius
81%
Ethiopie Addis-Abeba
80%
Arménie Erevan
80%
République Dominicaine Saint-Domingue
80%
Bolivie (Gouvernementale) La Paz
79%
Libye Tripoli
79%
Côte d'Ivoire Yamoussoukro
79%
Jordanie Amman
78%
Paraguay Asuncion
78%
Irak Bagdad
78%
Belize Belmopan
78%
Sierra Leone Freetown
78%
Malaisie Kuala Lumpur
78%
Sao Tomé-et-Principe Sao Tomé
78%
Liechtenstein Vaduz
78%
Angola Luanda
77%
Bangladesh Dacca
76%
Népal Katmandou
76%
Togo Lomé
76%
Burkina Faso Ouagadougou
76%
Guinée Conakry
75%
Ouzbékistan Tachkent
75%
Kazakhstan Astana
74%
Azerbaïdjan Bakou
73%
Maldives Malé
73%
Suriname Paramaribo
73%
Rwanda Kigali
72%
Cambodge Phnom Penh
72%
Cap-Vert Praia
72%
Yémen Sanaa
72%
Costa Rica San José
72%
Fidji Suva
72%
Seychelles Victoria
72%
Niger Niamey
71%
Saint-Christophe-et-Niévès Basseterre
70%
Sainte-Lucie Castries
70%
Etats-Unis Washington DC
70%
Nigeria Abuja
69%
Burundi Gitega
69%
Soudan Khartoum
69%
Gabon Libreville
69%
Maurice Port-Louis
69%
Bhoutan Thimphou
69%
Ghana Accra
68%
République Centrafricaine Bangui
68%
Afrique du Sud (Judiciaire) Bloemfontein
68%
Nicaragua Managua
68%
Dominique Roseau
68%
Sri Lanka Sri Jayawardenapura Kotte
68%
Timor Oriental Dili
67%
Ouganda Kampala
67%
Eswatini Mbabane
67%
Liberia Monrovia
67%
Trinité-et-Tobago Port-d'Espagne
67%
Laos Vientiane
67%
Tanzanie Dodoma
66%
Guyana Georgetown
66%
Zimbabwe Harare
66%
Malawi Lilongwe
66%
Palestine (Proclamée) Jérusalem
65%
Oman Mascate
65%
Mozambique Maputo
64%
Bénin Porto-Novo
64%
Tchad N'Djaména
63%
Papouasie-Nouvelle-Guinée Port Moresby
63%
Antigua-et-Barbuda Saint John's
63%
Somalie Mogadiscio
62%
Mauritanie Nouakchott
61%
Kirghizistan Bichkek
60%
Comores Moroni
60%
Bahamas Nassau
60%
Barbade Bridgetown
59%
Tadjikistan Douchanbé
59%
Saint-Vincent-et-les-Grenadines Kingstown
59%
Turkménistan Achgabat
58%
Erythrée Asmara
58%
Grenade Saint-Georges
58%
Tuvalu Funafuti
56%
Guinée Equatoriale Malabo
56%
Tonga Nuku-alofa
56%
Honduras Tegucigalpa
56%
Botswana Gaborone
55%
Soudan du Sud Djouba
54%
Birmanie Naypyidaw
53%
Namibie Windhoek
53%
Lesotho Maseru
51%
Brunei Bandar Seri Begawan
49%
Iles Marshall Majuro
49%
Bahreïn Manama
49%
Etats Fédérés de Micronésie Palikir
49%
Zambie Lusaka
46%
Kiribati Tarawa-Sud
44%
Nauru Yaren
44%
Iles Salomon Honiara
43%
Samoa Apia
42%
Vanuatu Port-Vila
30%
Palestine (de facto) Ramallah
30%
Indonésie Nusantara
26%
Niue Alofi
14%
Iles Cook Avarua
10%
Palaos Melekoek
9%
Aucun quiz correspondant
Distribution des résultats
% des personnes avec chaque résultat
Percentile par nombre de réponses
Votre historique - résultats
Vous n’avez pas pris ce quiz depuis la dernière actualisation